00825 am a2200229 a 450000500170000000800410001702000150005804100080007309200200008111000320010124500550013325000860018826000510027430000110032565300150033665300480035165300280039993000090042794200120043699900130044895201340046120120626122234.0100611s1991||||xxu# f |||| 000 0 spa d a155776090X aspa c618.86l55sNAR1 aWorld Service Office.91226 aNarcóticos Anónimos / cWorld Service Office. a1a ed. en español / bTraducción de la 5ta ed. del libro Narcotics Anonymous. aVan Nuys, CA : bWorld Service Office, c1991. a124 p. aAdicciones aDoce tradiciones de narcóticos anónimos aNarcóticos Anónimos a1705 2ddccBK c360d360 00102ddc405171aBFMbBFMcCRd2011-05-13l0o618.86 55 NARp1705r2014-11-06tej.1w2011-05-13yBKzBaja 2017 (Caja nro 6) f